[Event "European Senior Team Championship 2021"]
[Site "Don Giovanni hotel, Vinohradska 2733, Prague, Czech Republic"]
[Date "2021.09.03"]
[Round "5"]
[Board "2"]
[White "Netusil, Miloslav"]
[Black "Bartonicek, Zdenek"]
[Result "1-0"]
[WhiteElo "2146"]
[BlackElo "1970"]
[PlyCount "0"]
[EventDate "2021.08.30"]
[EventType "team"]
[EventRounds "9"]
[EventCountry "ECX"]
[WhiteTeam "SK SOKOL VYSEHRAD"]
[BlackTeam "SK PLZEN"]

1. e4 {[%clk 1:30:58]} e5 {[%clk 1:30:48]} 2. Nf3 {[%clk 1:31:11]} Nc6
{[%clk 1:30:19]} 3. Nc3 {[%clk 1:31:27]} Nf6 {[%clk 1:29:29]} 4. d4
{[%clk 1:31:46]} exd4 {[%clk 1:28:31]} 5. Nxd4 {[%clk 1:32:07]} d6
{[%clk 1:26:50]} 6. Be2 {[%clk 1:31:44]} Bd7 {[%clk 1:26:15]} 7. O-O
{[%clk 1:31:54]} Be7 {[%clk 1:25:50]} 8. f4 {[%clk 1:30:10]} O-O {[%clk 1:23:52]}
9. Be3 {[%clk 1:29:20]} Nxd4 {[%clk 1:19:43]} 10. Bxd4 {[%clk 1:29:35]} Bc6
{[%clk 1:19:45]} 11. Bd3 {[%clk 1:23:00]} Nd7 {[%clk 1:07:24]} 12. Qf3
{[%clk 1:11:14]} Bf6 {[%clk 1:04:43]} 13. Bxf6 {[%clk 1:05:39]} Qxf6
{[%clk 1:05:03]} 14. Kh1 {[%clk 1:02:23]} Nc5 {[%clk 1:03:05]} 15. Rae1
{[%clk 1:01:15]} Qd4 {[%clk 1:01:06]} 16. Qe3 {[%clk 0:59:10]} Qxe3
{[%clk 1:00:31]} 17. Rxe3 {[%clk 0:59:32]} Rad8 {[%clk 0:58:54]} 18. Rfe1
{[%clk 0:48:58]} a6 {[%clk 0:57:02]} 19. Kg1 {[%clk 0:45:33]} Rfe8
{[%clk 0:53:43]} 20. Bc4 {[%clk 0:44:03]} Na4 {[%clk 0:52:47]} 21. Nxa4
{[%clk 0:42:31]} Bxa4 {[%clk 0:53:10]} 22. Bb3 {[%clk 0:42:49]} Bxb3
{[%clk 0:53:21]} 23. Rxb3 {[%clk 0:43:10]} b6 {[%clk 0:52:58]} 24. Kf2
{[%clk 0:43:26]} Kf8 {[%clk 0:52:59]} 25. Rd3 {[%clk 0:41:31]} f6
{[%clk 0:52:46]} 26. g4 {[%clk 0:41:34]} Kf7 {[%clk 0:52:03]} 27. h4
{[%clk 0:41:48]} h6 {[%clk 0:51:42]} 28. c4 {[%clk 0:38:46]} a5 {[%clk 0:51:52]}
29. Kf3 {[%clk 0:38:46]} g6 {[%clk 0:47:50]} 30. b3 {[%clk 0:35:37]} Rb8
{[%clk 0:45:02]} 31. Rh1 {[%clk 0:35:24]} h5 {[%clk 0:39:57]} 32. gxh5
{[%clk 0:35:11]} gxh5 {[%clk 0:40:20]} 33. Rd5 {[%clk 0:35:29]} Rh8
{[%clk 0:40:27]} 34. Rg1 {[%clk 0:35:35]} Rbg8 {[%clk 0:40:48]} 35. Rxg8
{[%clk 0:35:39]} Kxg8 {[%clk 0:41:12]} 36. e5 {[%clk 0:35:54]} fxe5
{[%clk 0:40:43]} 37. fxe5 {[%clk 0:36:15]} Rh6 {[%clk 0:32:51]} 38. exd6
{[%clk 0:36:21]} cxd6 {[%clk 0:26:02]} 39. Rb5 {[%clk 0:36:43]} Rf6+
{[%clk 0:24:01]} 40. Ke3 {[%clk 0:36:57]} Re6+ {[%clk 0:24:00]} 41. Kd3
{[%clk 0:37:19]} Re5 {[%clk 0:23:55]} 42. Rxe5 {[%clk 0:37:16]} dxe5
{[%clk 0:24:07]} 43. Ke4 {[%clk 0:37:40]} Kf7 {[%clk 0:24:12]} 44. Kxe5
{[%clk 0:38:01]}  1-0

[Event "European Senior Team Championship 2021"]
[Site "Don Giovanni hotel, Vinohradska 2733, Prague, Czech Republic"]
[Date "2021.09.03"]
[Round "5"]
[Board "3"]
[White "Becvar, Miroslav"]
[Black "Groh, Jiri"]
[Result "0-1"]
[WhiteElo "1863"]
[BlackElo "2020"]
[PlyCount "0"]
[EventDate "2021.08.30"]
[EventType "team"]
[EventRounds "9"]
[EventCountry "ECX"]
[WhiteTeam "SK PLZEN"]
[BlackTeam "SK SOKOL VYSEHRAD"]

1. e4 {[%clk 1:30:56]} c5 {[%clk 1:30:48]} 2. f4 {[%clk 1:31:22]} Nc6
{[%clk 1:30:55]} 3. Nf3 {[%clk 1:31:49]} g6 {[%clk 1:30:50]} 4. c3
{[%clk 1:32:06]} Nf6 {[%clk 1:29:36]} 5. d3 {[%clk 1:30:12]} Bg7 {[%clk 1:29:42]}
6. Be2 {[%clk 1:30:38]} d6 {[%clk 1:29:32]} 7. O-O {[%clk 1:30:59]} c4
{[%clk 1:26:25]} 8. Qc2 {[%clk 1:11:12]} cxd3 {[%clk 1:26:07]} 9. Bxd3
{[%clk 1:11:41]} O-O {[%clk 1:25:23]} 10. Na3 {[%clk 1:11:17]} Bd7
{[%clk 1:22:56]} 11. Kh1 {[%clk 1:10:47]} Rc8 {[%clk 1:20:05]} 12. Qe2
{[%clk 1:11:11]} a6 {[%clk 1:16:51]} 13. Nc2 {[%clk 1:09:14]} Bg4
{[%clk 1:12:55]} 14. Ne3 {[%clk 1:01:47]} h5 {[%clk 1:06:45]} 15. Nxg4
{[%clk 0:57:11]} Nxg4 {[%clk 1:03:59]} 16. Ng5 {[%clk 0:56:46]} Qd7
{[%clk 1:01:31]} 17. h3 {[%clk 0:52:01]} Nh6 {[%clk 0:59:36]} 18. f5
{[%clk 0:50:06]} Ne5 {[%clk 0:50:41]} 19. Bc2 {[%clk 0:49:58]} Kh8
{[%clk 0:40:56]} 20. Be3 {[%clk 0:44:00]} Bf6 {[%clk 0:36:47]} 21. Ne6
{[%clk 0:40:56]} fxe6 {[%clk 0:36:41]} 22. Bxh6 {[%clk 0:41:25]} Bg7
{[%clk 0:35:26]} 23. Bxg7+ {[%clk 0:40:39]} Kxg7 {[%clk 0:35:53]} 24. fxg6
{[%clk 0:40:50]} Qb5 {[%clk 0:32:59]} 25. Qxb5 {[%clk 0:36:20]} axb5
{[%clk 0:33:19]} 26. Kg1 {[%clk 0:31:20]} Kxg6 {[%clk 0:31:28]} 27. Rae1
{[%clk 0:28:35]} Rxf1+ {[%clk 0:27:28]} 28. Kxf1 {[%clk 0:28:47]} b4
{[%clk 0:26:33]} 29. Bb3 {[%clk 0:26:49]} bxc3 {[%clk 0:25:03]} 30. bxc3
{[%clk 0:27:18]} Kf6 {[%clk 0:16:08]} 31. Re3 {[%clk 0:27:13]} Nc4
{[%clk 0:15:01]} 32. Rd3 {[%clk 0:19:50]} Ke5 {[%clk 0:12:56]} 33. Ke2
{[%clk 0:19:50]} b5 {[%clk 0:12:10]} 34. Rd4 {[%clk 0:14:06]} Na3
{[%clk 0:08:41]} 35. Rd3 {[%clk 0:12:13]} Nb1 {[%clk 0:08:55]} 36. Rg3
{[%clk 0:10:37]} Nxc3+ {[%clk 0:07:36]} 37. Ke3 {[%clk 0:10:33]} Nxe4
{[%clk 0:06:58]} 38. Rg7 {[%clk 0:11:01]} Rc3+ {[%clk 0:05:31]} 39. Ke2
{[%clk 0:11:19]} Rg3 {[%clk 0:04:26]} 40. Rxe7 {[%clk 0:11:18]} Rxg2+
{[%clk 0:04:38]} 41. Kf1 {[%clk 0:10:57]} Rg6 {[%clk 0:04:52]} 42. Rb7
{[%clk 0:10:45]} Nd2+ {[%clk 0:02:06]} 43. Kf2 {[%clk 0:08:50]} Ne4+
{[%clk 0:30:12]} 44. Kf1 {[%clk 0:38:45]} Nc3 {[%clk 0:29:17]} 45. Kf2
{[%clk 0:34:06]} Kd4 {[%clk 0:28:41]} 46. Rh7 {[%clk 0:33:14]} Ne4+
{[%clk 0:27:54]} 47. Kf1 {[%clk 0:30:46]} d5 {[%clk 0:28:01]} 48. Bd1
{[%clk 0:29:58]} Ke3 {[%clk 0:25:50]}  0-1

[Event "European Senior Team Championship 2021"]
[Site "Don Giovanni hotel, Vinohradska 2733, Prague, Czech Republic"]
[Date "2021.09.03"]
[Round "5"]
[Board "4"]
[White "Slechta, Karel"]
[Black "Kasik, Miroslav"]
[Result "1/2-1/2"]
[WhiteElo "1836"]
[BlackElo "1734"]
[PlyCount "0"]
[EventDate "2021.08.30"]
[EventType "team"]
[EventRounds "9"]
[EventCountry "ECX"]
[WhiteTeam "SK SOKOL VYSEHRAD"]
[BlackTeam "SK PLZEN"]

1. e4 {[%clk 1:30:57]} c5 {[%clk 1:30:42]} 2. Nf3 {[%clk 1:31:09]} e6
{[%clk 1:31:04]} 3. d4 {[%clk 1:31:03]} cxd4 {[%clk 1:31:27]} 4. Nxd4
{[%clk 1:31:27]} a6 {[%clk 1:31:18]} 5. a3 {[%clk 1:26:24]} Nf6 {[%clk 1:29:43]}
6. Nc3 {[%clk 1:26:52]} Qc7 {[%clk 1:29:39]} 7. Be2 {[%clk 1:24:35]} Nc6
{[%clk 1:29:48]} 8. Be3 {[%clk 1:23:25]} d6 {[%clk 1:26:44]} 9. O-O
{[%clk 1:19:55]} Be7 {[%clk 1:25:58]} 10. f4 {[%clk 1:15:07]} Bd7
{[%clk 1:23:20]} 11. h3 {[%clk 0:58:04]} O-O {[%clk 1:21:37]} 12. Qe1
{[%clk 0:55:58]} Nxd4 {[%clk 1:20:25]} 13. Bxd4 {[%clk 0:56:15]} Bc6
{[%clk 1:20:38]} 14. Bd3 {[%clk 0:50:49]} Nd7 {[%clk 1:17:07]} 15. Qf2
{[%clk 0:41:58]} Bf6 {[%clk 1:14:40]} 16. Bxf6 {[%clk 0:41:31]} Nxf6
{[%clk 1:15:04]} 17. Rae1 {[%clk 0:41:49]} Nd7 {[%clk 1:13:34]} 18. Qh4
{[%clk 0:41:27]} Qb6+ {[%clk 1:07:18]} 19. Kh1 {[%clk 0:41:25]} Qxb2
{[%clk 1:07:34]} 20. e5 {[%clk 0:41:27]} g6 {[%clk 1:06:36]} 21. Ne4
{[%clk 0:39:35]} Bxe4 {[%clk 1:02:53]} 22. Bxe4 {[%clk 0:40:03]} d5
{[%clk 1:02:02]} 23. Bd3 {[%clk 0:40:31]} Nc5 {[%clk 1:01:59]} 24. Rb1
{[%clk 0:33:52]} Qc3 {[%clk 1:00:14]} 25. Rf3 {[%clk 0:30:29]} Nxd3
{[%clk 0:58:06]} 26. cxd3 {[%clk 0:30:57]} b5 {[%clk 0:57:00]} 27. f5
{[%clk 0:31:25]} exf5 {[%clk 0:56:43]} 28. Rxf5 {[%clk 0:31:51]} Qxd3
{[%clk 0:48:04]} 29. Rbf1 {[%clk 0:32:02]} Qxa3 {[%clk 0:33:52]} 30. Rh5
{[%clk 0:24:06]} Qa4 {[%clk 0:26:23]} 31. Qf6 {[%clk 0:16:39]} Rae8
{[%clk 0:24:26]} 32. Rh4 {[%clk 0:13:13]} Qa5 {[%clk 0:19:54]} 33. Qg5
{[%clk 0:10:17]} f6 {[%clk 0:13:38]} 34. exf6 {[%clk 0:09:59]} Rf7
{[%clk 0:13:18]} 35. Qxd5 {[%clk 0:09:54]} Re1 {[%clk 0:09:34]} 36. Rhf4
{[%clk 0:08:39]} Qa1 {[%clk 0:08:37]} 37. Qd8+ {[%clk 0:07:47]} Rf8
{[%clk 0:08:37]} 38. Qd5+ {[%clk 0:04:13]} Rf7 {[%clk 0:08:41]} 39. Rxe1
{[%clk 0:04:07]} Qxe1+ {[%clk 0:08:58]} 40. Kh2 {[%clk 0:04:36]} Qa1
{[%clk 0:08:06]} 41. Qe6 {[%clk 0:01:45]} a5 {[%clk 0:07:00]} 42. g4
{[%clk 0:26:29]} Qc3 {[%clk 0:31:33]} 43. Qe8+ {[%clk 0:16:40]}  1/2-1/2

[Event "European Senior Team Championship 2021"]
[Site "Don Giovanni hotel, Vinohradska 2733, Prague, Czech Republic"]
[Date "2021.09.03"]
[Round "5"]
[Board "2"]
[White "Uddenfeldt, Dan"]
[Black "Gal, Moshe"]
[Result "1/2-1/2"]
[WhiteElo "2309"]
[BlackElo "2088"]
[PlyCount "0"]
[EventDate "2021.08.30"]
[EventType "team"]
[EventRounds "9"]
[EventCountry "ECX"]
[WhiteTeam "SWEDEN 1"]
[BlackTeam "ISRAEL 2"]

1. Nf3 {[%clk 1:30:33]} Nf6 {[%clk 1:30:11]} 2. d4 {[%clk 1:30:25]} c5
{[%clk 1:30:30]} 3. e3 {[%clk 1:29:22]} b6 {[%clk 1:28:16]} 4. c4
{[%clk 1:28:06]} g6 {[%clk 1:27:40]} 5. Nc3 {[%clk 1:27:54]} Bg7 {[%clk 1:28:05]}
6. d5 {[%clk 1:26:43]} O-O {[%clk 1:28:12]} 7. Be2 {[%clk 1:26:17]} e6
{[%clk 1:27:24]} 8. O-O {[%clk 1:25:49]} exd5 {[%clk 1:26:53]} 9. cxd5
{[%clk 1:25:08]} Re8 {[%clk 1:25:51]} 10. d6 {[%clk 1:18:09]} Ba6
{[%clk 1:22:50]} 11. Bxa6 {[%clk 1:16:11]} Nxa6 {[%clk 1:23:17]} 12. Nb5
{[%clk 1:14:18]} Ne4 {[%clk 1:19:45]} 13. Qa4 {[%clk 1:06:52]} Qc8
{[%clk 1:19:11]} 14. Qc4 {[%clk 1:06:38]} Qb7 {[%clk 1:16:06]} 15. Rd1
{[%clk 1:05:19]} Rad8 {[%clk 1:01:24]} 16. Nd2 {[%clk 0:53:05]} Re6
{[%clk 0:51:33]} 17. Nxe4 {[%clk 0:52:00]} Rxe4 {[%clk 0:51:50]} 18. Qe2
{[%clk 0:42:03]} Re6 {[%clk 0:42:44]} 19. a3 {[%clk 0:40:12]} f5 {[%clk 0:40:29]}
20. Rb1 {[%clk 0:36:56]} f4 {[%clk 0:38:56]} 21. Qc4 {[%clk 0:36:34]} f3
{[%clk 0:38:28]} 22. g3 {[%clk 0:34:45]} Kh8 {[%clk 0:38:26]} 23. Bd2
{[%clk 0:33:39]} Rf8 {[%clk 0:36:31]} 24. h3 {[%clk 0:29:22]} Re4
{[%clk 0:30:18]} 25. Qf1 {[%clk 0:29:32]} c4 {[%clk 0:29:57]} 26. Bc3
{[%clk 0:29:26]} Nc5 {[%clk 0:29:18]} 27. Bxg7+ {[%clk 0:29:13]} Kxg7
{[%clk 0:29:47]} 28. Nc3 {[%clk 0:29:19]} Nd3 {[%clk 0:27:18]} 29. b3
{[%clk 0:27:25]} Rxe3 {[%clk 0:26:14]} 30. fxe3 {[%clk 0:26:36]} f2+
{[%clk 0:25:52]} 31. Kh2 {[%clk 0:26:57]} Qf3 {[%clk 0:23:56]} 32. Qg2
{[%clk 0:26:27]} Qxe3 {[%clk 0:23:50]} 33. Nd5 {[%clk 0:21:56]} Qe2
{[%clk 0:23:02]} 34. Nf4 {[%clk 0:20:59]} Rxf4 {[%clk 0:23:23]} 35. gxf4
{[%clk 0:20:49]} Ne1 {[%clk 0:23:45]} 36. Rxe1 {[%clk 0:19:30]} fxe1=Q 37. Rxe1
Qxe1 {[%clk 0:23:47]} 38. bxc4  1/2-1/2

[Event "European Senior Team Championship 2021"]
[Site "Don Giovanni hotel, Vinohradska 2733, Prague, Czech Republic"]
[Date "2021.09.03"]
[Round "5"]
[Board "3"]
[White "Segal, Yosef"]
[Black "Malmdin, Nils-Ake"]
[Result "1-0"]
[WhiteElo "1814"]
[BlackElo "2150"]
[PlyCount "0"]
[EventDate "2021.08.30"]
[EventType "team"]
[EventRounds "9"]
[EventCountry "ECX"]
[WhiteTeam "ISRAEL 2"]
[BlackTeam "SWEDEN 1"]

1. d4 {[%clk 1:30:54]} Nf6 {[%clk 1:30:31]} 2. c4 {[%clk 1:29:49]} e6
{[%clk 1:30:20]} 3. Nc3 {[%clk 1:29:02]} Bb4 {[%clk 1:28:22]} 4. Qc2
{[%clk 1:29:01]} b5 {[%clk 1:24:10]} 5. cxb5 {[%clk 1:26:16]} c6 {[%clk 1:24:24]}
6. e3 {[%clk 1:22:00]} cxb5 {[%clk 1:22:32]} 7. Bxb5 {[%clk 1:12:51]} Bb7
{[%clk 1:22:13]} 8. f3 {[%clk 1:09:24]} O-O {[%clk 1:19:53]} 9. Nge2
{[%clk 1:08:14]} Nc6 {[%clk 1:16:59]} 10. a3 {[%clk 1:05:19]} Ba5
{[%clk 1:09:17]} 11. O-O {[%clk 1:02:27]} Rc8 {[%clk 1:08:39]} 12. b4
{[%clk 1:00:21]} Bb6 {[%clk 1:08:32]} 13. Qd3 {[%clk 1:00:01]} a5
{[%clk 0:55:47]} 14. Bxc6 {[%clk 0:56:42]} Bxc6 {[%clk 0:52:55]} 15. b5
{[%clk 0:56:49]} Ba8 {[%clk 0:52:12]} 16. Bb2 {[%clk 0:56:01]} d6
{[%clk 0:45:06]} 17. Kh1 {[%clk 0:52:40]} Nd7 {[%clk 0:42:30]} 18. Rac1
{[%clk 0:50:38]} f5 {[%clk 0:39:31]} 19. Na4 {[%clk 0:47:05]} Bc7
{[%clk 0:35:41]} 20. Nf4 Rf6 21. d5 {[%clk 0:42:28]} Ne5 {[%clk 0:35:33]} 22. Qc2
{[%clk 0:40:37]} Bb7 {[%clk 0:30:07]} 23. Nxe6 {[%clk 0:40:47]} Qe8
{[%clk 0:26:33]} 24. Nxc7 {[%clk 0:40:10]} Qh5 {[%clk 0:24:32]} 25. Bxe5
{[%clk 0:40:00]} dxe5 {[%clk 0:24:44]} 26. Qf2 {[%clk 0:37:18]} Rh6
{[%clk 0:24:14]} 27. g3 {[%clk 0:37:03]} g5 {[%clk 0:19:09]} 28. e4
{[%clk 0:35:38]} Rf6 {[%clk 0:14:09]} 29. Qg2 {[%clk 0:30:15]} g4
{[%clk 0:13:32]} 30. fxg4 {[%clk 0:30:11]} Qxg4 {[%clk 0:13:59]} 31. Qf3
{[%clk 0:30:39]} Qh3 {[%clk 0:13:06]} 32. Rf2 {[%clk 0:29:01]} Rcf8
{[%clk 0:06:35]} 33. g4 {[%clk 0:28:14]} Qxf3+ {[%clk 0:04:53]} 34. Rxf3
{[%clk 0:28:16]} fxe4 {[%clk 0:05:15]} 35. Rxf6 {[%clk 0:27:43]} Rxf6
{[%clk 0:05:44]} 36. Nc5 {[%clk 0:24:30]} Bc8 {[%clk 0:05:43]} 37. N7e6
{[%clk 0:24:05]} Rf3 {[%clk 0:04:11]} 38. a4 {[%clk 0:21:42]} e3 {[%clk 0:04:09]}
39. Re1 {[%clk 0:21:53]} h6 {[%clk 0:03:42]} 40. Kg2 {[%clk 0:22:18]} Rf2+
{[%clk 0:03:58]} 41. Kg3 {[%clk 0:21:50]} Rd2 {[%clk 0:03:54]} 42. Rxe3
{[%clk 0:21:21]} Rxd5 {[%clk 0:04:13]} 43. Rb3 {[%clk 0:21:16]} Kf7
{[%clk 0:03:25]} 44. b6 {[%clk 0:21:39]} Bxe6 {[%clk 0:25:44]} 45. Nxe6  1-0

[Event "European Senior Team Championship 2021"]
[Site "Don Giovanni hotel, Vinohradska 2733, Prague, Czech Republic"]
[Date "2021.09.03"]
[Round "5"]
[Board "4"]
[White "Hammar, Bengt"]
[Black "Postolati, Alexander"]
[Result "1/2-1/2"]
[WhiteElo "2130"]
[BlackElo "1779"]
[PlyCount "0"]
[EventDate "2021.08.30"]
[EventType "team"]
[EventRounds "9"]
[EventCountry "ECX"]
[WhiteTeam "SWEDEN 1"]
[BlackTeam "ISRAEL 2"]

1. e4 {[%clk 1:30:30]} c5 {[%clk 1:28:44]} 2. Nf3 {[%clk 1:30:38]} d6
{[%clk 1:29:10]} 3. d4 {[%clk 1:29:57]} cxd4 {[%clk 1:29:35]} 4. Nxd4
{[%clk 1:30:18]} Nf6 {[%clk 1:30:01]} 5. Nc3 {[%clk 1:28:26]} a6 {[%clk 1:30:17]}
6. Bg5 {[%clk 1:27:55]} Nbd7 {[%clk 1:30:23]} 7. Bc4 {[%clk 1:24:51]} h6
{[%clk 1:15:20]} 8. Bh4 {[%clk 1:24:23]} e6 {[%clk 0:58:38]} 9. O-O
{[%clk 1:21:57]} g5 {[%clk 0:55:23]} 10. Bg3 {[%clk 1:22:11]} h5 {[%clk 0:55:29]}
11. h4 {[%clk 1:20:25]} gxh4 {[%clk 0:55:08]} 12. Bxh4 {[%clk 1:20:46]} Ne5 13.
Be2 {[%clk 1:19:30]} Be7 {[%clk 0:52:18]} 14. f4 {[%clk 1:12:36]} Neg4
{[%clk 0:52:05]} 15. Qd3 {[%clk 1:05:41]} Qb6 {[%clk 0:50:17]} 16. Kh1
{[%clk 1:05:10]} Nd7 {[%clk 0:44:17]} 17. Bxe7 {[%clk 1:04:07]} Kxe7
{[%clk 0:44:45]} 18. Nf5+ {[%clk 1:03:44]} Kf8 {[%clk 0:42:00]} 19. Qxd6+
{[%clk 1:02:05]} Qxd6 {[%clk 0:42:16]} 20. Nxd6 {[%clk 1:02:24]} Ne3
{[%clk 0:40:05]} 21. Rf3 {[%clk 0:57:51]} Ng4 {[%clk 0:34:17]} 22. Kg1
{[%clk 0:57:42]} b5 {[%clk 0:28:34]} 23. Rh3 {[%clk 0:56:36]} Ke7
{[%clk 0:26:46]} 24. Rd1 {[%clk 0:55:26]} Rg8 {[%clk 0:25:44]} 25. Rd2
{[%clk 0:50:35]} Nb6 {[%clk 0:24:45]} 26. Rxh5 {[%clk 0:49:57]} Bd7
{[%clk 0:24:47]} 27. a3 {[%clk 0:41:01]} Rg7 {[%clk 0:24:49]} 28. Bf3
{[%clk 0:38:46]} Ra7 {[%clk 0:19:41]} 29. Rh8 {[%clk 0:38:19]} Ne3
{[%clk 0:18:43]} 30. b3 {[%clk 0:29:40]} Rc7 {[%clk 0:17:14]} 31. Rb8
{[%clk 0:23:23]} Nc8 {[%clk 0:12:49]} 32. Nxc8+ {[%clk 0:21:36]} Bxc8
{[%clk 0:13:17]} 33. Nd1 {[%clk 0:16:42]} Nxc2 {[%clk 0:13:28]} 34. a4
{[%clk 0:16:58]} bxa4 {[%clk 0:09:42]} 35. bxa4 {[%clk 0:17:20]} Ne1
{[%clk 0:10:00]} 36. Bh5 {[%clk 0:16:02]} Bd7 {[%clk 0:07:07]} 37. Kf1
{[%clk 0:14:58]} Nc2 {[%clk 0:07:08]} 38. Be2 {[%clk 0:14:48]} Bxa4
{[%clk 0:07:03]} 39. Bxa6 {[%clk 0:15:02]} Rg4 {[%clk 0:04:14]} 40. Rf2
{[%clk 0:12:37]} Ra7 {[%clk 0:01:21]} 41. Be2 {[%clk 0:10:04]} Rh4
{[%clk 0:00:56]} 42. g3 {[%clk 0:06:28]} Rh1+ {[%clk 0:28:37]} 43. Kg2
{[%clk 0:36:50]} Rh6 {[%clk 0:14:12]} 44. Nc3 {[%clk 0:33:14]} Ne1+
{[%clk 0:12:10]} 45. Kg1 {[%clk 0:33:35]} Bc6 {[%clk 0:12:10]} 46. Rf1
{[%clk 0:32:16]} Nc2 {[%clk 0:11:52]} 47. Bb5 {[%clk 0:27:44]} Bxb5
{[%clk 0:08:48]} 48. Nxb5 {[%clk 0:27:23]} Rd7 {[%clk 0:08:40]} 49. Rf2
{[%clk 0:17:22]} Rd1+ {[%clk 0:01:48]} 50. Rf1 {[%clk 0:15:16]} Rd2
{[%clk 0:02:03]} 51. Rf2 {[%clk 0:15:36]}  1/2-1/2

[Event "European Senior Team Championship 2021"]
[Site "Don Giovanni hotel, Vinohradska 2733, Prague, Czech Republic"]
[Date "2021.09.03"]
[Round "5"]
[Board "2"]
[White "Van Bentum, Horst"]
[Black "Orlova, Liubov"]
[Result "1/2-1/2"]
[WhiteElo "1989"]
[BlackElo "1988"]
[PlyCount "0"]
[EventDate "2021.08.30"]
[EventType "team"]
[EventRounds "9"]
[EventCountry "ECX"]
[WhiteTeam "GERMAN NORTH TEAM"]
[BlackTeam "GERMANY 1 WOMEN"]

1. Nf3 {[%clk 1:30:55]} Nf6 {[%clk 1:30:47]} 2. b3 {[%clk 1:30:51]} e6
{[%clk 1:30:18]} 3. e3 {[%clk 1:30:12]} b6 {[%clk 1:30:26]} 4. Be2
{[%clk 1:29:38]} Bb7 {[%clk 1:30:40]} 5. Bb2 {[%clk 1:29:27]} Be7
{[%clk 1:28:41]} 6. O-O {[%clk 1:28:33]} O-O {[%clk 1:27:16]} 7. c4
{[%clk 1:25:20]} d5 {[%clk 1:27:24]} 8. d4 {[%clk 1:23:48]} Nbd7 {[%clk 1:26:54]}
9. Nbd2 {[%clk 1:18:52]} Rc8 {[%clk 1:26:49]} 10. Rc1 {[%clk 1:15:10]} dxc4
{[%clk 1:23:58]} 11. Nxc4 {[%clk 1:12:19]} c5 {[%clk 1:21:02]} 12. Nce5
{[%clk 1:09:31]} cxd4 {[%clk 1:15:42]} 13. Nxd7 {[%clk 1:05:14]} Qxd7
{[%clk 1:11:12]} 14. Qxd4 {[%clk 1:04:15]} Qxd4 {[%clk 1:08:49]} 15. Nxd4
{[%clk 1:04:17]} Nd5 {[%clk 0:56:43]} 16. Rfd1 {[%clk 0:51:40]} h6
{[%clk 0:37:36]} 17. h3 {[%clk 0:50:37]} a5 {[%clk 0:37:14]} 18. Bf3
{[%clk 0:47:05]} Ba8 {[%clk 0:36:15]} 19. Rxc8 {[%clk 0:37:26]} Rxc8
{[%clk 0:36:35]} 20. Rc1 {[%clk 0:37:33]} Bb7 {[%clk 0:32:05]} 21. Rxc8+
{[%clk 0:37:26]} Bxc8 {[%clk 0:32:32]} 22. Nc6  1/2-1/2

[Event "European Senior Team Championship 2021"]
[Site "Don Giovanni hotel, Vinohradska 2733, Prague, Czech Republic"]
[Date "2021.09.03"]
[Round "5"]
[Board "3"]
[White "Kierzek, Mira"]
[Black "Kundt, Guenther"]
[Result "1-0"]
[WhiteElo "2003"]
[BlackElo "1751"]
[PlyCount "0"]
[EventDate "2021.08.30"]
[EventType "team"]
[EventRounds "9"]
[EventCountry "ECX"]
[WhiteTeam "GERMANY 1 WOMEN"]
[BlackTeam "GERMAN NORTH TEAM"]

1. Nf3 {[%clk 1:30:55]} d5 {[%clk 1:30:47]} 2. g3 {[%clk 1:30:42]} Nf6
{[%clk 1:30:50]} 3. Bg2 {[%clk 1:31:03]} e6 {[%clk 1:30:22]} 4. d4
{[%clk 1:30:44]} c5 {[%clk 1:29:33]} 5. O-O {[%clk 1:28:09]} Nc6 {[%clk 1:28:40]}
6. c3 {[%clk 1:27:06]} Bd7 {[%clk 1:26:03]} 7. Nbd2 {[%clk 1:23:36]} Be7
{[%clk 1:24:06]} 8. dxc5 {[%clk 1:15:55]} Bxc5 {[%clk 1:24:24]} 9. c4
{[%clk 1:15:40]} O-O {[%clk 1:19:19]} 10. cxd5 {[%clk 1:11:02]} exd5
{[%clk 1:15:53]} 11. Nb3 {[%clk 1:09:43]} Be7 {[%clk 1:13:31]} 12. Be3
{[%clk 1:03:14]} Be6 {[%clk 1:03:28]} 13. Nc5 {[%clk 0:55:17]} Bxc5
{[%clk 0:55:55]} 14. Bxc5 {[%clk 0:55:20]} Re8 {[%clk 0:56:24]} 15. Nd4
{[%clk 0:43:38]} Nxd4 {[%clk 0:43:24]} 16. Qxd4 {[%clk 0:38:16]} b6
{[%clk 0:35:18]} 17. Ba3 {[%clk 0:36:24]} Rc8 {[%clk 0:32:26]} 18. Rac1
{[%clk 0:34:41]} Qd7 {[%clk 0:27:40]} 19. Rfd1 {[%clk 0:18:45]} Rxc1
{[%clk 0:26:54]} 20. Rxc1 {[%clk 0:19:05]} Rc8 {[%clk 0:22:57]} 21. b3
{[%clk 0:17:56]} Rxc1+ {[%clk 0:22:22]} 22. Bxc1 {[%clk 0:18:25]} h6
{[%clk 0:22:24]} 23. Bxh6 {[%clk 0:17:43]} Ne8 {[%clk 0:16:11]} 24. Bd2
{[%clk 0:16:41]} Qb5 {[%clk 0:14:15]} 25. Bf3 {[%clk 0:13:20]} Nf6
{[%clk 0:10:14]} 26. Bc3 {[%clk 0:13:10]} Qc5 {[%clk 0:06:56]} 27. Qxc5
{[%clk 0:12:31]} bxc5 {[%clk 0:07:25]} 28. Bxf6 {[%clk 0:12:48]} gxf6
{[%clk 0:07:45]} 29. Kf1 {[%clk 0:11:40]} Bf5 {[%clk 0:06:54]} 30. Bxd5
{[%clk 0:11:55]}  1-0